World Capitals Boggle (kiwirage edition) - Statistics

General Stats
  • This quiz has been taken 470 times
  • The average score is 8 of 22
Answer Stats
Answer % Correct
Jakarta
71%
Berlin
66%
Hanoi
59%
Paris
58%
Juba
46%
Bern
45%
Dhaka
45%
Ankara
44%
Doha
39%
Abuja
37%
Dakar
37%
Lomé
35%
Malé
35%
Baku
29%
Havana
29%
Taipei
29%
Tirana
27%
Apia
24%
Rabat
22%
Praia
19%
Belmopan
18%
Pristina
12%
No matching quizzes found
Score Distribution
Percent of People with Each Score
Percentile by Number Answered
Your Score History
You have not taken this quiz